000 00560nam a22001577a 4500
008 150303b xxu||||| |||| 00| 0 eng d
050 _aQC174.12.M28 1963
100 _aMackey, Gorge W.
_915713
245 _aThe Mathematical foundations of quantum mechanics:
_ba lecture- note volume
_c/ Gorge W. Mackey
260 _aNew York
_bW.A. Benjamin
_c1963
300 _ax, 137p. ;
_c24cm.
440 _aThe Mathematical physics monograph series
_915714
650 _aQuantum physics
_915715
650 _aMathematical physics
_913931
942 _2lcc
_cMONOGRAPH
999 _c122251
_d122251